| 000 | 00875nam a22002777a 4500 | ||
|---|---|---|---|
| 003 | UPN | ||
| 005 | 20230323063534.0 | ||
| 008 | 221116s2007 sp ||||| |||| 00| 0 spa d | ||
| 020 | _a9788496746077 | ||
| 040 |
_aMX-MxUPN _bspa _cMX-MxUPN |
||
| 041 | 1 |
_aspa _hita |
|
| 050 | 4 |
_aDG463.8 B7 _bP58 2007 |
|
| 100 | 1 |
_aPittorru, Fabio, _d1928-1995 _947355 |
|
| 240 | 1 | 3 |
_aLa pista delle volpi. _lEspañol |
| 245 | 1 | 3 | _aLa conjura Borgia |
| 260 |
_aBarcelona, España : _bSwing, _c2007. |
||
| 300 | _a359 páginas | ||
| 500 | _aTraducción de: La pista delle volpi | ||
| 600 | 3 | 4 |
_95548 _aFamilia Borgia _vNovela |
| 650 | 0 |
_947357 _aNobleza _zItalia _vBiografía |
|
| 650 | 4 |
_aIglesia y Estado _zItalia _xHistoria _925899 |
|
| 651 | 0 |
_947358 _aItalia _xHistoria _ySiglo XVI |
|
| 700 | 1 |
_aCastro, Dora _etraductora _947359 |
|
| 902 | _aNoemiAcosta/161122 | ||
| 942 |
_2lcc _cLIBRO |
||
| 999 |
_c209041 _d209041 |
||